000 00487nam a22001937a 4500
003 MPLRDC
005 20220104142353.0
008 210129b ||||| |||| 00| 0 eng d
020 _a962-388-071-5
082 _a415.14 WFL v.3 c.2*
100 _a王方凌编著
245 _a癌症的防治与诊断
_c
250 _a再版
260 _a
_b星辉图书有限公司
_c1993
300 _b
490 _a星辉医疗保健系列
650 _a
942 _cBK
_o415.14 WFL v.3 c.2*
999 _c30299
_d30289